| 000 | 00555nam a2200205 4500 | ||
|---|---|---|---|
| 001 | 00028613 | ||
| 005 | 20260321101610.0 | ||
| 008 | 260321b ag ||||| |||| 00| 0 spa d | ||
| 020 | _a9875000450 | ||
| 040 |
_aAR-CcCEOS _bspa _cAR-CcCEOS |
||
| 041 | _aspa | ||
| 080 | _a159.99 | ||
| 090 | _bSOL | ||
| 100 | 1 |
_aSoler, Colette _9937 |
|
| 245 |
_aLa maldición del sexo / _cColette Soler |
||
| 264 |
_aBuenos Aires : _bManantial, _cc2000. |
||
| 300 |
_a239 p. ; _c20x15 cm. |
||
| 655 | 0 |
_apsicología _vpsiconoanalisis _9124 _xsexo |
|
| 942 |
_2udc _n0 _cBK |
||
| 999 |
_c28643 _d28643 |
||